Central Library OPAC University of Rajshahi

বঙ্গ সাহিত্যে হাস্যরসের ধারা / (Record no. 52880)

MARC details
000 -LEADER
fixed length control field 00983nam a2200241 a 4500
001 - CONTROL NUMBER
control field 52880
003 - CONTROL NUMBER IDENTIFIER
rucl marc code BD-RjUL
005 - DATE AND TIME OF LATEST TRANSACTION
control field 20211209075856.0
008 - FIXED-LENGTH DATA ELEMENTS--GENERAL INFORMATION
fixed length control field 160928s1960 bg ||||| |||| 00| 0 ben d
020 ## - INTERNATIONAL STANDARD BOOK NUMBER
Terms of availability :Tk. 14.00
035 ## - SYSTEM CONTROL NUMBER
System control number (BD-RjUL)53000
040 ## - CATALOGING SOURCE
Original cataloging agency BD-RjUL
Language of cataloging ben
Transcribing agency BD-RjUL
041 ## - LANGUAGE CODE
Language code of text/sound track or separate title ben
082 ## - DEWEY DECIMAL CLASSIFICATION NUMBER
Edition number 23
Classification number 891.4409
Author mark and year GHB 1960
100 ## - MAIN ENTRY--PERSONAL NAME
Personal name ঘোষ, আজিতকুমার
9 (RLIN) 158104
245 10 - TITLE STATEMENT
Title বঙ্গ সাহিত্যে হাস্যরসের ধারা /
Statement of responsibility, etc. আজিতকুমার ঘোষ
260 ## - PUBLICATION, DISTRIBUTION, ETC. (IMPRINT)
Place of publication, distribution, etc. কলিকাতা :
Name of publisher, distributor, etc. নবযুগ প্রকাশনী,
Date of publication, distribution, etc. ১৯৬০ (১৩৬৭)
300 ## - PHYSICAL DESCRIPTION
Pagination [২৮], ৫৩২ পৃ. ;
Size ২৩ সেমি.
500 ## - GENERAL NOTE
General note নির্দেশিকা সংযুক্ত
650 ## - SUBJECT ADDED ENTRY--TOPICAL TERM
Topical term or geographic name as entry element বাংলা সাহিত্য
General subdivision ইতিহাস ও সমালোচনা
9 (RLIN) 158105
Topical term or geographic name as entry element Bengali Literature
General subdivision History and Criticism
9 (RLIN) 158106
942 ## - ADDED ENTRY ELEMENTS (KOHA)
Source of classification or shelving scheme Dewey Decimal Classification
Koha item type Books
Holdings
Lost status Source of classification or shelving scheme Damaged status Not for loan Collection code Permanent Location Current Location Shelving location Date acquired Source of acquisition Cost, normal purchase price Total Checkouts Full call number Date last seen Copy number Koha item type
  Dewey Decimal Classification     Non-fiction Central Library, University of Rajshahi Central Library, University of Rajshahi   02/02/1967 Nawroge kitabstan, Dhaka 17.50   B 891.4409 GHB 1960 28/09/2016 C-2 Books
  Dewey Decimal Classification     Non-fiction Central Library, University of Rajshahi Central Library, University of Rajshahi   09/02/1965 Ideal Library, Dhaka 15.00   B 891.4409 GHB 1960 08/11/2016 C-3 Books